000 00710nam a2200229Ia 4500
005 20230717111635.0
008 131103s9999 xx 000 0 und d
020 _a8125023356
_cRs 225
040 _aLoreto College
041 _aEnglish
082 _a915.41
_bSUB
245 3 _aAn anthropology of North - East India
_b A Textbook
_cEdited by T.B. Subba and G.C. Ghosh
260 _aNew Delhi
_bOrient Longman
_c2003
300 _avi,380p
504 _aIncludes bibliographical references
630 _aIndia, North-East - Anthropology
650 _aIndia, North-East - Geography
651 _aAnthropology - North-East India
700 _aSubba, Tanka Bahadur, ed
850 _aLCLIB
942 _cBK
999 _c20212
_d70691